Statistics for Oxford Dictionaries Top 1000 English Words - 48 Start with W

Click here to take the quiz!

General Stats

  • This quiz has been taken 4,010 times
  • The average score is 27 of 48

Answer Stats

W% Correct
We
99%
When
94%
Who
94%
Where
93%
What
92%
Win
88%
Why
86%
Will
86%
War
80%
Want
78%
Wall
74%
Well
72%
Which
72%
With
68%
Wait
64%
Wear
63%
Would
63%
Whom
61%
Wish
61%
Water
59%
Way
59%
Whose
57%
Work
56%
While
55%
Walk
54%
White
54%
Wonder
53%
Word
52%
World
50%
Week
49%
Whole
48%
Write
44%
Watch
43%
Without
43%
Woman
41%
Wide
40%
Wife
39%
Whether
36%
Within
34%
Whatever
33%
Wrong
33%
Winner
31%
Worker
29%
Worth
29%
Welcome
24%
Writer
22%
Weight
20%
Weapon
16%

Score Distribution

Percentile by Number Answered

Percent of People with Each Score

Your Score History

You have not taken this quiz